Begins and Ends the Same (World Capitals) Quiz Stats

Quiz Updated Dec 22, 2012

Challenge
Share
Tweet
Embed
Score 0/13 Timer 04:00
6 Plays Today
Letter Capital % Correct
WWarsaw
86.8%
OOslo
82.2%
AAnkara
70.4%
AAstana
57.4%
AAddis Ababa
54.2%
AAccra
53.1%
AAbuja
49.6%
TTashkent
48.1%
AAndorra la Vella
47.3%
AApia
43.1%
AAsmara
39.3%
SSaint John's
34.5%
SSaint George's
33.1%

You're not logged in!

Compare scores with friends on all Sporcle quizzes.
Sign Up with Email
OR
Log In

You Might Also Like...

Show Comments

Extras

Top Quizzes Today


Score Distribution

Your Account Isn't Verified!

In order to create a playlist on Sporcle, you need to verify the email address you used during registration. Go to your Sporcle Settings to finish the process.